ARRUPE JESUIT UNIVERSITY

CORONAVIRUS -STOP THE SPREAD - CLEAN,DISINFECT,COVER

The new theatre of Europe; (Record no. 122447)

MARC details
000 -LEADER
fixed length control field 01506cam a2200289I 4500
001 - CONTROL NUMBER
control field 4688889
003 - CONTROL NUMBER IDENTIFIER
control field ARRUPE
005 - DATE AND TIME OF LATEST TRANSACTION
control field 20150313150616.0
008 - FIXED-LENGTH DATA ELEMENTS--GENERAL INFORMATION
fixed length control field 730313s1962 nyu 000 0 eng d
010 ## - LIBRARY OF CONGRESS CONTROL NUMBER
Canceled/invalid LC control number 62021253
035 ## - SYSTEM CONTROL NUMBER
System control number (OCoLC)ocm00577068
035 ## - SYSTEM CONTROL NUMBER
System control number (NNC)4688889
040 ## - CATALOGING SOURCE
Original cataloging agency CWR
Transcribing agency CWR
Modifying agency OCL
-- CPO
-- OCL
050 0# - LIBRARY OF CONGRESS CALL NUMBER
Classification number PN6112
Item number .C7
098 ## - OTHER CLASSIFICATION SCHEMES (OCLC)
Call number based on other classification scheme BV41
300 ## - PHYSICAL DESCRIPTION
Dimensions 21 cm.
100 1# - MAIN ENTRY--PERSONAL NAME
Personal name Corrigan, Robert W.
Fuller form of name (Robert Willoughby),
Dates associated with a name 1927-1993,
Relator term editor.
9 (RLIN) 16353
245 14 - TITLE STATEMENT
Title The new theatre of Europe;
Remainder of title five contemporary plays from the European stage, including A man for all seasons, by Robert Bolt, Anna Kleiber, by Alfonso Sastre, Masks of angels, by Notis Peryalis, Pantagleize, by Michel de Ghelderode, Corruption in the Palace of Justice, by Ugo Betti.
Statement of responsibility, etc Edited with an introd. by Robert W. Corrigan, and containing individual essays by the playwrights.
260 ## - PUBLICATION, DISTRIBUTION, ETC. (IMPRINT)
Place of publication, distribution, etc [New York,
Name of publisher, distributor, etc Dell Pub. Co.]
Date of publication, distribution, etc 1962.
300 ## - PHYSICAL DESCRIPTION
Extent 399 p.
490 1# - SERIES STATEMENT
Series statement A Delta book
505 0# - FORMATTED CONTENTS NOTE
Formatted contents note v. 1. Man for all seasons / Robert Bolt. Anna Kleiber / Alfonso Sastre. Masks of Angels / Notis Peryalis. Pantagleize / Michel de Ghelderode. Corruption in the palace of justice / Ugo Betti -- v. 2. Mother courage / Bertolt Brecht. Wicked cooks / Günter Grass. Vasco / Georges Schehadé. Cage / Mario Fratti. Suicide / Mario Fratti.
650 #0 - SUBJECT ADDED ENTRY--TOPICAL TERM
Topical term or geographic name as entry element Drama
Chronological subdivision 20th century.
9 (RLIN) 16354
650 #0 - SUBJECT ADDED ENTRY--TOPICAL TERM
Topical term or geographic name as entry element English drama
General subdivision translators for foreign literature
9 (RLIN) 16355
830 #0 - SERIES ADDED ENTRY--UNIFORM TITLE
Uniform title Delta book.
9 (RLIN) 16356
942 ## - ADDED ENTRY ELEMENTS (KOHA)
Source of classification or shelving scheme Library of Congress Classification
Koha item type Monograph ( Printed materials)
Holdings
Withdrawn status Lost status Source of classification or shelving scheme Damaged status Not for loan Collection code Home library Current library Shelving location Date acquired Total Checkouts Full call number Barcode Date last seen Price effective from Koha item type
    Library of Congress Classification     Main Collection ARRUPE LIBRARY ARRUPE LIBRARY Main Collection 13/03/2015   PN6111 .C65 46500002749 27/03/2019 13/03/2015 Monograph ( Printed materials)

 

Arrupe Library. PO Box MP320 Mt Pleasant, Harare, Zimbabwe
263 242 745411|librarian@aju.ac.zw